| 000 | 005630000a22001810004500 | ||
|---|---|---|---|
| 003 | MACL | ||
| 005 | 20160426162758.0 | ||
| 008 | 160426b xxu||||| |||| 00| 0 eng d | ||
| 040 |
_aMACL _cMACL |
||
| 041 | _aHindi | ||
| 082 | _a800 | ||
| 100 |
_aविश्वनाथ प्रसाद तिवारी _954133 |
||
| 245 | _aमहादेवी रचना संचयन | ||
| 260 |
_bसाहित्य अकादेमी _c2004 _aदिल्ली |
||
| 350 | _a180 | ||
| 650 |
_aLiteracture _954134 |
||
| 942 |
_cHIN _k800/MAH/L _2ddc |
||
| 999 |
_c9909 _d9909 |
||